| 000 | 01386nam a2200337Ia 4500 | ||
|---|---|---|---|
| 001 | ebr10064460 | ||
| 003 | CaPaEBR | ||
| 006 | m u | ||
| 007 | cr cn||||||||| | ||
| 008 | 041017s2003 enka gsb 001 0 eng d | ||
| 020 | _z9781846424182 | ||
| 020 | _z1843100975 | ||
| 040 |
_aCaPaEBR _cCaPaEBR |
||
| 035 | _a(OCoLC)53041421 | ||
| 050 | 1 | 4 |
_aRC510 _b.L37 2003eb |
| 082 | 0 | 4 |
_a616.89152 _221 |
| 245 | 0 | 4 |
_aThe large group re-visited _h[electronic resource] : _bthe herd, primal horde, crowds and masses / _cedited by Stanley Schneider and Haim Weinberg ; foreword by Malcolm Pines. |
| 260 |
_aLondon ; _aNew York : _bJessica Kingsley, _c2003. |
||
| 300 |
_a240 p. : _bill. |
||
| 490 | 1 |
_aThe international library of group analysis ; _v25 |
|
| 504 | _aIncludes bibliographical references and index. | ||
| 533 |
_aElectronic reproduction. _bPalo Alto, Calif. : _cebrary, _d2009. _nAvailable via World Wide Web. _nAccess may be limited to ebrary affiliated libraries. |
||
| 650 | 0 | _aGroup psychoanalysis. | |
| 650 | 0 | _aSocial groups. | |
| 655 | 7 |
_aElectronic books. _2local |
|
| 700 | 1 |
_aSchneider, S. _q(Stanley) |
|
| 700 | 1 | _aWeinberg, Haim. | |
| 710 | 2 | _aebrary, Inc. | |
| 830 | 0 |
_aInternational library of group analysis ; _v25. |
|
| 856 | 4 | 0 |
_uhttp://site.ebrary.com/lib/rucke/Doc?id=10064460 _zAn electronic book accessible through the World Wide Web; click to view |
| 999 |
_c48118 _d48118 |
||